000 01056nam a22002537a 4500
999 _c1089
_d1089
003 AR-CdUCM
008 190226b ||||| |||| 00| 0 spa d
040 _aMUNICIPALIDAD PROVINCIAL DEL CUSCO
_cBIBLIOTECA MUNICIPAL DEL CUSCO
041 _hkor
082 _a951.93 /
_bF39
100 _aFukushima, Masao
_94242
245 _aSobre la Constitución Socialista de la Republica Popular Democrática de Corea /
260 _aPyongyang :
_bEds. en Lenguas Extranjeras,
_c1975
300 _a342 páginas ;
_c22 cm.
505 _aConsolidemos aun mas el régimen socialista de nuestro país -- Constitución socialista de la república popular democrática de corea -- Establecimiento de la nueva constitución socialista y su significación -- Tradiciones revolucionarias y breve historia de la constitución...
650 _aCorea del Norte
_93224
650 _aSocialismo
_91037
650 _aComunismo
_9495
650 _aAsia
_93888
650 _aKim Il Sung
_923
700 _aIl Sung,Kim
_94243
942 _2ddc
_cLIBROS
945 _admma
_d2019-02-26